| 000 | 00727nam a22002057a 4500 | ||
|---|---|---|---|
| 003 | NUST-PNEC | ||
| 005 | 20170116180704.0 | ||
| 008 | 140916b xxu||||| |||| 00| 0 eng d | ||
| 020 | _a0851748147 | ||
| 020 | _a9780851748146 | ||
| 040 | _cPNEC | ||
| 082 | _a623.82 HOU | ||
| 100 |
_9289 _aHouse, D.J. |
||
| 245 |
_aElements of modern ship construction/ _cD.J. House |
||
| 260 |
_aGlasgow _bBrown, Son & Ferguson Ltd (March 19, 2010) _cc2010. |
||
| 300 |
_axxxiv, 336 p. : _bill. : _c30 cm. |
||
| 500 | _aIncludes Index http://www.amazon.com/Elements-Modern-Construction-David-House/dp/0851748147/ref=sr_1_1?s=books&ie=UTF8&qid=1410849728&sr=1-1&keywords=9780851748146 | ||
| 650 | _xship construction, ME | ||
| 942 |
_2ddc _cBK |
||
| 999 |
_c60650 _d60650 |
||